Normal view
MARC view
- M Haroon Mukhtar
Entry Personal Name
001 - CONTROL NUMBER
- control field: 91319
003 - CONTROL NUMBER IDENTIFIER
- control field: NUST
005 - DATE AND TIME OF LATEST TRANSACTION
- control field: 20220509110212.0
008 - FIXED-LENGTH DATA ELEMENTS
- fixed length control field: 220509|| aca||aabn | a|a d
040 ## - CATALOGING SOURCE
- Original cataloging agency: NUST
- Transcribing agency: NUST
100 ## - HEADING--PERSONAL NAME
- Personal name: M Haroon Mukhtar
670 ## - SOURCE DATA FOUND
- Source citation: Work cat.: (NUST): M Haroon Mukhtar, TH-SOF-0864-Identification And Analysis Of Shortcomings In Project Planning And Communication In Telecom Sector Of Pakistan To Develop Remedial Measures As A Framework, 2013.
